|
|
|
|
| LEADER |
01149nam a2200253 a 4500 |
| 001 |
15531697 |
| 008 |
090727s2002 enkb b 000 1 eng d |
| 010 |
|
|
|a 2008279165
|
| 020 |
|
|
|a 1853261785
|
| 040 |
|
|
|a DLC
|c DLC
|
| 082 |
0 |
0 |
|a 823/.8
|2 21
|
| 100 |
1 |
|
|a Hardy, Thomas,
|d 1840-1928.
|
| 245 |
1 |
0 |
|a Life's little ironies :
|b strange ,lively and commonplace/
|c Thomas Hardy; with an introduction by Dr.Claire Seymour.
|
| 260 |
|
|
|a Oxford ;
|a New York;
|a London :
|b Oxford University Press;
|b Wordsworth edition ltd,,
|c 2002
|
| 300 |
|
|
|a xxii, 184 p.;
|c 19 cm.
|
| 490 |
0 |
|
|a Wordsworth classics
|
| 504 |
|
|
|a Includes bibliographical references.
|
| 541 |
1 |
|
|e 00015854
|
| 651 |
|
0 |
|a Wessex (England)
|v Fiction.
|
| 700 |
1 |
|
|a Seymour,Claire .
|
| 852 |
4 |
|
|a Ayesha Abed Library
|j General Shelf
|
| 999 |
|
|
|c 3000
|d 3000
|
| 952 |
|
|
|0 0
|1 0
|2 ddc
|4 0
|6 823_800000000000000_HAR
|7 0
|9 2715
|a BRACUL
|b BRACUL
|c GEN
|d 2009-08-18
|g 152.00
|l 9
|m 59
|o 823.8 HAR
|p 3010015854
|r 2023-10-11
|s 2023-10-04
|t 1
|v 304.00
|w 2009-08-18
|y BK
|
| 952 |
|
|
|0 0
|1 0
|2 ddc
|4 0
|6 823_800000000000000_HAR
|7 0
|9 14250
|a BRACUL
|b BRACUL
|c GEN
|d 2011-01-29
|l 8
|m 31
|o 823.8 HAR
|p 3010015855
|r 2025-06-25
|s 2025-06-17
|t 2
|w 2011-01-29
|y BK
|